[Event "Varazdin Spancir op 1st"]
[Site "Varazdin"]
[Date "2023.08.26"]
[Round "5"]
[White "Kovacek, Pavlo"]
[Black "Lovrincevic, Sime"]
[Result "0-1"]
[WhiteElo "1798"]
[BlackElo "1538"]
[PlyCount "80"]
[EventDate "2023.08.24"]
[EventType "swiss"]
[EventRounds "7"]
[EventCountry "CRO"]
[SourceTitle "EXT 2024"]
[Source "ChessBase"]
[SourceDate "2023.10.10"]
[SourceVersion "1"]
[SourceVersionDate "2023.10.10"]
[SourceQuality "1"]

1. e4 e6 2. b3 c5 3. Bb2 Nc6 4. Nf3 d5 5. exd5 exd5 6. d4 Bg4 7. Be2 Qc7 8. 0-0 0-0-0 9. dxc5 Nf6 10. a3 Bxc5 11. b4 Bd6 12. h3 h5 13. Nd4 Bxe2 14. Qxe2 Rde8 15. Qd3 Ne4 16. Nb5 Bh2+ 17. Kh1 Qf4 18. Qf3 Re6 19. Qxf4 Bxf4 20. g3 Bh6 21. Nd4 Nxd4 22. Bxd4 Rhe8 23. Kg2 a6 24. Nc3 Nxc3 25. Bxc3 Rc6 26. Bd4 Rxc2 27. Rfe1 Re6 28. a4 Kd7 29. g4 Rg6 30. Kf3 hxg4+ 31. hxg4 Rc4 32. Bc5 Rf4+ 33. Ke2 Rgxg4 34. Kd3 Rf3+ 35. Kc2 Re4 36. Rad1 Rc4+ 37. Kb1 Kc6 38. Re5 b6 39. Bf8 Rxf2 40. Rexd5 Rc1+ 0-1

[Event "Varazdin Spancir op 1st"]
[Site "Varazdin"]
[Date "2023.08.25"]
[Round "3"]
[White "Drzaic, Matej"]
[Black "Kovacek, Pavlo"]
[Result "0-1"]
[WhiteElo "1494"]
[BlackElo "1798"]
[PlyCount "142"]
[EventDate "2023.08.24"]
[EventType "swiss"]
[EventRounds "7"]
[EventCountry "CRO"]
[SourceTitle "EXT 2024"]
[Source "ChessBase"]
[SourceDate "2023.10.10"]
[SourceVersion "1"]
[SourceVersionDate "2023.10.10"]
[SourceQuality "1"]

1. Nf3 Nf6 2. g3 d6 3. Bg2 c6 4. 0-0 Bg4 5. d4 Qc8 6. Re1 Nbd7 7. c4 Bxf3 8. Bxf3 g6 9. Nc3 Bg7 10. e4 0-0 11. Bg2 e5 12. d5 c5 13. a3 Ne8 14. Qe2 f5 15. Be3 f4 16. Bd2 Qd8 17. b4 Qf6 18. f3 h5 19. Rf1 Kh7 20. g4 hxg4 21. fxg4 Bh6 22. h3 Kg7 23. Rf3 Bg5 24. Qd3 Rh8 25. Kh2 Qe7 26. Na4 b6 27. Nb2 Nef6 28. Kg1 Bh4 29. Be1 Nh7 30. Qe2 Ng5 31. Nd3 Bxe1 32. Nxe1 Nxf3+ 33. Nxf3 cxb4 34. axb4 a5 35. b5 Nc5 36. g5 Rh5 37. h4 Rah8 38. Qe1 Qd7 39. Ra3 Qg4 40. Qb1 a4 41. Qc2 Rxh4 42. Nxh4 Rxh4 43. Rxa4 Nxa4 44. Qxa4 Qxg5 45. Qa7+ Kh6 46. Qb8 Qf6 47. Qxb6 f3 48. Qe3+ Rf4 49. Bxf3 Qg5+ 50. Kf2 Qh4+ 51. Ke2 Qh2+ 52. Qf2 Qxf2+ 53. Kxf2 g5 54. Kg3 g4 55. Bxg4 Rxe4 56. c5 dxc5 57. d6 Kg5 58. Be6 Kf6 59. Bd5 Rd4 60. Bc6 Rxd6 61. Kf3 Rd3+ 62. Ke4 Rd4+ 63. Ke3 Rb4 64. Kd3 Kf5 65. Bd7+ Kf4 66. Bc6 e4+ 67. Ke2 Rb2+ 68. Ke1 Ke3 69. Kd1 Rb4 70. Kc2 Kf2 71. b6 e3 0-1